000 00348cam a22001217a 4500
008 180718b1959 xxu||||| |||| 00| 0 eng d
082 _aA6x64 B234
100 _aBarbour, Nevill, ed
245 _aSurvey of North West Africa (the Maghrib)
_cedited by Nevil Barbour
260 _aLondon
_bOxford
_c1959
300 _axi, 406p
650 _aAfrica, North.
999 _c413146
_d413146